000 00557nam a2200217Ia 4500
003 OSt
005 20230701122842.0
008 210423s9999 xx 000 0 und d
040 _cAL
041 _aeng
082 _a307.1772
_223
_b LOBS
100 _aLOBO (Cyprian H)
_9118231
245 _aSocio economic changes in a banjara community
260 _c2021
300 _a176
_bPB
365 _cINR
650 _aCommunities
_9118232
650 _aSociology
_9118233
906 _abanjara ; changes ; community ; economic ; Socio
942 _2ddc
_cBK
999 _c174702
_d174702